| 000 | 00473nam a22001577a 4500 | ||
|---|---|---|---|
| 005 | 20251108164906.0 | ||
| 008 | 250721s1986 xx 000 0 ara d | ||
| 082 | 1 | 4 | _a646/علي |
| 100 | 1 | _aعابدين، علية | |
| 245 | 1 | 0 | _aدراسات في المرأة و الأزياء / |
| 264 | 1 |
_aبيروت (لبنان) : _bدار الندوة الجديدة، _c1986. |
|
| 300 | _a276ص : رسومات | ||
| 650 | 1 | 7 | _aالملابس |
| 942 |
_2ddc _cBK |
||
| 999 |
_c16810 _d16810 |
||